00746nam a22001697a 450000500170000000800410001705000210005824501490007925000110022826000270023930000320026650000980029865000460039665000490044265000430049171000420053420150124121947.0110905t nyu||||| |||| 00| 0 spa d04aHD2741bM36 197800aManual para la presentación de estudios de viabilidad industrial /cOrganización de las Naciones Unidas para el desarrollo Industrial, Viena a1a ed. aNew York :bONU,c1978 aix, 268 p. :bil. ;c23 cm. aEn la portada : Departamento de economia matemática, seminario de evaluación de proyectos 72LembaIndustriavOrganizaciónxManuales 4aPromoción industrialzPaises en desarrollo 72LembaDesarrollo económicovManuales aOrganización de las naciones unidas